000 00463nam a2200181Ia 4500
008 230711s9999||||xx |||||||||||||| ||und||
020 _a978-81-775-8688-6
041 _aENG
082 _a5.133
_bPR-P
100 _aPratt,Terrance W
245 0 _aProgramming languages : design and implementation
250 _a4th Ed.
260 _c2006
_aNew Delhi
_bPearson
300 _a590
650 _aComputer Engineering
700 _aZelkowitz,V Marvin
942 _cBK
999 _c5502
_d5502